000 00965nam a2200217Ia 4500
003 Ost
005 20260507075639.0
008 260507s9999||||xx |||||||||||||| ||und||
040 _cfsecg
041 _aara
082 _a657.02853
100 _aمبارك، صلاح الدين المنعم
_eمؤلف
245 0 _aاستخدام البرامج الجاهزة في مجالي المحاسبة الإدارية ومحاسبة التكاليف /
_c صلاح الدين المنعم مبارك
260 _aالاسكندرية:
_bدار الجامعة الجديدة,
_c2000
300 _a237 صفحة؛
_bإيضاحات ؛
_c23 سم
520 _aمايكروسوفت اكسل-قواعد البيانات -موازنات تخطيطية-الأسئلة والتطبيقات المحاسبية
653 _aالمحاسبة
653 _aبرامج الحاسوب
700 _aعيسى، سمير كامل محمد
_eمؤلف ثانوي
942 _cكتاب
999 _c45355
_d45355